000 00593nam a2200241Ia 4500
003 GCL
008 140319s9999 xx 000 0 eng d
040 _aGCL /
_cGCL
082 0 4 _a398.27
_bI C
100 1 _aINGPEN, ROBERT
245 1 0 _aA CELEBRATION OF CUSTOMS AND RITUALS OF THE WORLD /
_cINGPEN, ROBERT
700 1 _aWILKINSON, PHILIP
260 _a[S.N] :
_bDRAGON'S WORLD LTD ،
_c1994
300 _a224 P
650 0 4 _aMARRIAGE
650 0 4 _aARTS
650 0 4 _aCUSTOMS
650 0 4 _aFOLKLORE
650 0 4 _aBIRTH
650 0 4 _aRITUAL
650 0 4 _aDEATH
942 _2ddc
_cBK
999 _c15322
_d15322